000 00310nam a22001337a 4500
008 181221b xxu||||| |||| 00| 0 eng d
020 _a9780321088352
041 _aeng
080 _22nd
_a371
100 _a46
101 _aEDU
245 _aCritical Reading, Critical Thinking
_cPirozzi,R
942 _2udc
_cBK
999 _c53687
_d53687